| 000 | 00656nam a2200241Ia 4500 | ||
|---|---|---|---|
| 008 | 180523s9999 xx 000 0 und d | ||
| 020 | _a0-07-124935-4 | ||
| 050 | _aMAIN HD 58.7 | ||
| 050 | _b.M37 2005 | ||
| 100 | _aMcShane, Steven L. | ||
| 245 | 0 | _aOrganizational behavior : | |
| 245 | 0 | _bemerging realities for the workplace revolution / | |
| 245 | 0 | _cSteven L. McShane, Mary Ann Von Glinow. | |
| 250 | _a3rd Edition | ||
| 260 | _aNew York : | ||
| 260 | _bMcGraw-Hill, | ||
| 260 | _c2005 | ||
| 300 | _a688 pages : | ||
| 300 | _billustrations ; | ||
| 300 | _c25 cm. | ||
| 500 | _aIncludes index. | ||
| 650 | _aOrganizational behavior. | ||
| 999 |
_c356916 _d356916 |
||